00382nam a22001577a 450000500170000001000130001702000260003003500230005603700220007908200140010110000180011524500250013325000130015826000330017130000200020420180723122610.0 aB-227753 a9788171771790c750.00 aB-227753, B-227752 bEastern law house a346.54052 aMitra, B. B.  aIndian sucession act a14th ed. aNew DelhibEastern law house a727p.c22cm(Hb)